Exploring the Impact of Dynamic Capabilities on Time-To-Market and Performance for Agile Start-Ups in Brazil (notice n° 2053903)

détails MARC
000 -LEADER
fixed length control field 02081cam a2200253 4500500
005 - DATE AND TIME OF LATEST TRANSACTION
control field 20260405002052.0
041 ## - LANGUAGE CODE
Language code of text/sound track or separate title fre
042 ## - AUTHENTICATION CODE
Authentication code dc
100 10 - MAIN ENTRY--PERSONAL NAME
Personal name Mota, Renata de Oliveira
Relator term author
245 00 - TITLE STATEMENT
Title Exploring the Impact of Dynamic Capabilities on Time-To-Market and Performance for Agile Start-Ups in Brazil
260 ## - PUBLICATION, DISTRIBUTION, ETC.
Date of publication, distribution, etc. 2027.<br/>
500 ## - GENERAL NOTE
General note 34
520 ## - SUMMARY, ETC.
Summary, etc. This study investigates the impact of developing capabilities on start-up Time-to-Market (TTM) reduction and performance, employing the Dynamic Capabilities View (DCV) as a theoretical framework. We analysed survey data from start-up managers in Brazil to explore how various capabilities contribute to accelerating TTM and enhancing performance. Our findings reveal that not all capabilities contribute equally to performance enhancement, with integration-related capabilities showing the strongest positive correlation. Furthermore, we examine the effects of external factors such as uncertainty, technological turbulence, time-sensitivity and innovation ecosystems on these relationships, proposing that even fragmented development of these capabilities can lead to performance improvements. This research empirically validates the DCV in start-up settings and offers implications for the modular and scalable development of capabilities crucial to start-ups operating under resource constraints. Our findings also help managers identify strategic priorities and tailor capability development to their environmental conditions. JEL Codes: O32
690 ## - LOCAL SUBJECT ADDED ENTRY--TOPICAL TERM (OCLC, RLIN)
Topical term or geographic name as entry element Dynamic Capabilities View
690 ## - LOCAL SUBJECT ADDED ENTRY--TOPICAL TERM (OCLC, RLIN)
Topical term or geographic name as entry element New Product Development
690 ## - LOCAL SUBJECT ADDED ENTRY--TOPICAL TERM (OCLC, RLIN)
Topical term or geographic name as entry element Research and Development
690 ## - LOCAL SUBJECT ADDED ENTRY--TOPICAL TERM (OCLC, RLIN)
Topical term or geographic name as entry element Start-Ups
690 ## - LOCAL SUBJECT ADDED ENTRY--TOPICAL TERM (OCLC, RLIN)
Topical term or geographic name as entry element Time-To-Market
700 10 - ADDED ENTRY--PERSONAL NAME
Personal name Godinho Filho, Moacir
Relator term author
700 10 - ADDED ENTRY--PERSONAL NAME
Personal name Ganga, Gilberto Miller Devós
Relator term author
700 10 - ADDED ENTRY--PERSONAL NAME
Personal name Silva, Jonhatan Magno Norte da
Relator term author
786 0# - DATA SOURCE ENTRY
Note Journal of Innovation Economics & Management | Prépublicatio | 2027-01-03 | p. I203-LVIII
856 41 - ELECTRONIC LOCATION AND ACCESS
Uniform Resource Identifier <a href="https://shs.cairn.info/revue-journal-of-innovation-economics-2025-0-page-I203?lang=en&redirect-ssocas=7080">https://shs.cairn.info/revue-journal-of-innovation-economics-2025-0-page-I203?lang=en&redirect-ssocas=7080</a>

Pas d'exemplaire disponible.

PLUDOC

PLUDOC est la plateforme unique et centralisée de gestion des bibliothèques physiques et numériques de Guinée administré par le CEDUST. Elle est la plus grande base de données de ressources documentaires pour les Étudiants, Enseignants chercheurs et Chercheurs de Guinée.

Adresse

627 919 101/664 919 101

25 boulevard du commerce
Kaloum, Conakry, Guinée

Réseaux sociaux

Powered by Netsen Group @ 2025